000 01104cam a22003377a 4500
003 CHAP
005 20220817043257.0
008 971013s1975 r 00010 d
010 _a70318
011 _a71290
035 _a80844
040 _cCHAP
082 _a636.085
_bM4
100 0 0 _aCaetano Lacuesta, Gerónimo J.
_917077
245 1 4 _aLas praderas mejoradas permanentes y su correcto manejo
260 _a(s.l.) :
_bDirección General de Extensión Agrícola,
_c(1975?)
300 _a24 p.
500 _aTambién como folleto 7607
501 _aEnc. con otros impresos similares
590 _aBATCH-UPD
_b10
_c20130110
_lUCH01
_h0616
590 _aBATCH-UPD
_b10
_c20130110
_lUCH01
_h2257
590 _aBATCH-UPD
_b10
_c20130410
_lUCH01
_h0258
590 _aBATCH-UPD
_b10
_c20130914
_lUCH01
_h0806
590 _aCONVERSION
_b10
_c20130109
_lUCH01
_h1339
650 1 4 _aPlantas forrajeras.
_988943
650 1 4 _aPraderas.
_991230
710 0 _aMéxico. Dirección General de Extensión Agrícola.
901 _aBK
942 _cLIBRO
949 _a636.085 M4
_bBC
_cLIBRO
_d-33872
_eLIBRO
_i80844
_si
999 _c70318
_d70318